000 00526 a2200181 4500
003 OSt
005 20231205104630.0
008 231205b |||||||| |||| 00| 0 eng d
020 _a9788122612776
040 _coclc
082 _a894.8129
_bEAC/O
100 _aEachara Varier, T.V.
_910028
245 _aOrachante Ormakkurippukal /
_cT.V. Eachara Varier
250 _a11th ed.
260 _aThrissur:
_bCurrent Books,
_c2023.
300 _a152p.
942 _2ddc
_cBK
_h894.8129
_iEAC/O
_k894.8129
_mEAC/O
999 _c43975
_d43975